Normal view
MARC view
- Manning, John C
Entry Personal Name
001 - CONTROL NUMBER
- control field: 40414
003 - CONTROL NUMBER IDENTIFIER
- control field: NUST
005 - DATE AND TIME OF LATEST TRANSACTION
- control field: 20210314131746.0
008 - FIXED-LENGTH DATA ELEMENTS
- fixed length control field: 210314|| aca||aabn | a|a d
040 ## - CATALOGING SOURCE
- Original cataloging agency: NUST
- Transcribing agency: NUST
100 ## - HEADING--PERSONAL NAME
- Personal name: Manning, John C
670 ## - SOURCE DATA FOUND
- Source citation: Work cat.: (NUST): Manning, John C, Applied principles of hydrology, 1987
